Biggest Countries in 2070 by Population - Statistics

General Stats
  • This quiz has been taken 50 times
  • The average score is 21 of 24
Answer Stats
Hint Answer % Correct
219 million Brazil
100%
1097 million China
100%
1691 million India
100%
139 million Mexico
98%
106 million Niger
98%
471 million Nigeria
98%
388 million United States
98%
317 million Indonesia
96%
438 million Pakistan
96%
94.5 million Iran
94%
122 million Russia
94%
313 million D.R. Congo
91%
185 million Egypt
89%
271 million Ethiopia
87%
204 million Bangladesh
85%
101 million Kenya
81%
174 million Philippines
81%
94.0 million Turkey
81%
103 million Vietnam
81%
99.9 million Angola
79%
180 million Tanzania
79%
110 million Sudan
72%
112 million Uganda
72%
94.2 million Afghanistan
53%
No matching quizzes found
Score Distribution
Percent of People with Each Score
Percentile by Number Answered
Your Score History
You have not taken this quiz